Вып. 12; Расчет пространственных конструкций

Detalles Bibliográficos
Parent link:Расчет пространственных конструкций: сборник статей/ под ред. А. А. Уманского. Вып. 12.— , 1950
Lenguaje:ruso
Publicado: 1969
Materias:
Formato: MixedMaterials Libro
KOHA link:https://koha.lib.tpu.ru/cgi-bin/koha/opac-detail.pl?biblionumber=332023

MARC

LEADER 00000nam2a2200000 4500
001 332023
005 20231102004420.0
035 |a (RuTPU)RU\TPU\book\357922 
035 |a RU\TPU\book\357920 
090 |a 332023 
100 |a 20170515d1969 k y0rusy50 ca 
101 0 |a rus 
102 |a RU 
105 |a a z 001zy 
200 0 |a Вып. 12 
210 |d 1969 
215 |a 229 с.  |c ил. 
320 |a Библиография в конце статей 
461 1 |0 (RuTPU)RU\TPU\book\20668  |t Расчет пространственных конструкций  |o сборник статей  |f под ред. А. А. Уманского  |v Вып. 12  |d 1950 
606 1 |a Пространственные конструкции  |x Расчет  |2 stltpush  |3 (RuTPU)RU\TPU\subj\52794  |9 71191 
610 1 |a пространственные задачи 
610 1 |a численные решения 
610 1 |a теория упругости 
610 1 |a массивные тела 
610 1 |a толстые оболочки 
610 1 |a тонкие оболочки 
610 1 |a прочность 
610 1 |a устойчивость 
610 1 |a динамика 
610 1 |a пластинки 
610 1 |a параметрические колебания 
610 1 |a криволинейные стержни 
675 |a 624.074  |v 4 
801 1 |a RU  |b 63413507  |c 20170309 
801 2 |a RU  |b 63413507  |c 20170524  |g RCR 
942 |c BK